Quizzes
Events
Quiz Creation
Community
Videos
Private Events
Remove Ads
Sign In
Join for FREE
Feedback
Dark Mode
Quiz Categories
Sports
Geography
Music
Movies
Television
Just For Fun
Miscellaneous
History
Literature
Language
Science
Gaming
Entertainment
Religion
Holiday
For Kids
Quiz Lab
Recent
Popular Today
Quiz Kudos Today
Editor Picks
Curator Picks
Quizzes by...
Day
Popularity
Type
Ratings
Length
Year
Community
Subscriptions
Recent Discussions
Orange Saloon
Badges
Playlists
Quests
Create
Leaderboards
Showdown
Live 5
Trivia Bingo
Activity
Puzzle Library
Sporcle Events
Private Events
Virtual Trivia
Globe League
Become a Host
Pub Owners
SporcleCon
Opinionation
Our Games
Videos
Blog
Mobile Apps
Partnerships
Remove Ads and Go Orange
Feedback
Entertainment
Celebrity
Famous
Musical
Broadway
Show
Quote
Comic Books
Anime
Superhero
DC Comics
Marvel
Cartoons
Animation
Entertainment
Celebrity
Famous
Musical
Broadway
Show
Quote
Comic Books
Anime
Superhero
DC Comics
Marvel
Cartoons
Animation
Random Quiz
Search Sporcle
×
Quiz Lab
Quiz Lab
Entertainment
Epic Rap Battles of History
Type answers that appear on an image
Type answers that appear on an image
Map
Best Score? Go Orange.
ERB Season 5 Rappers Stats
Can you name the ERB Season 5 Rappers?
By
Exodiafinder687
10m
31 Questions
597 Plays
597 Plays
597 Plays
Comments
Comments
Give Quiz Kudos
Give Quiz Kudos
-
- Ratings
hide this ad
Replay
Link that replays current quiz
Next Quiz
Link to next quiz in quiz playlist
You Got
0%
They Got
Avg Score
87%
Avg Friend Score
Upgrade to see
Score Distribution
Jump to the score distribution portion of the page
Score
0/31
Timer
10:00
0
Plays Today
% Correct
James Bond (Daniel Craig)
94.6%
James Bond (Sean Connery)
94.6%
Hulk
94.6%
Donald Trump
93.8%
Hillary Clinton
92.6%
Abe Lincoln
91.9%
Ash Ketchum
91.6%
Stevie Wonder
91.6%
Wonder Woman
91%
Austin Powers
90%
Bruce Banner
89.4%
Bruce Jenner
89.4%
Charles Darwin
89%
Gordon Ramsay
88.7%
Nice Peter
88.5%
Ivan the Terrible
88.3%
% Correct
Tony Hawk
88.3%
George R.R. Martin
88%
Winston Churchill
88%
Theodore Roosevelt
87.8%
EpicLLOYD
87.3%
Julia Child
87%
J.R.R. Tolkien
86.1%
Alexander the Great
85%
Thomas Jefferson
84.3%
Caitlyn Jenner
83.4%
Catherine the Great
77.2%
Wayne Gretzky
76.5%
Pompey the Great
75.5%
Frederick Douglass
75%
Frederick the Great
74.8%
Quiz Playlist
Details
Report
Send in Message
Add To Playlist
Map:
Type answers that appear on an image
Quiz Source
Last Updated: Sep 5, 2018
Quiz Scoreboard
CHALLENGE
Sign Up to Join the Scoreboard
Show All
Scores
Hide
Comments
May contain spoilers
Recently Published
Popular People in 1961
by mucciniale
History
6m
1-10 Letter E Words III
by El_Dandy
Language
2m
One Thing in Common: World Cities II
by knightlancer
Geography
7m
More to Explore
Quiz From the Vault
Featured Blog Post
Where Did the Easter Bunny Come From?
hide this ad
You Might Also Like...
Tags
Epic Rap Battles of History
Today's Top Quizzes in Entertainment
Browse Entertainment
hide this ad
Top Contributed Quizzes in Entertainment
1
Kamen Rider Motifs
2
Dragon Ball Z: Goku's Fights in Order
3
Dragon Ball Z: Mega Character Search
4
One Piece Arcs By Order III
5
Survivor Winners Logic Quiz
6
Undead Unluck Minefield
7
Who Wants to Be a Millionaire: Anime Edition
8
Naruto Arcs in order
9
Demon Slayer 11-1
10
Criteria Quickie: Cartoon Taxonomy II
Explore More
Trending Topics
Kpop
NBA
Disney
Anime
Harry Potter
Marvel
Crossword
Song
Soccer
Pokémon
WWE
NFL
The Office
Puzzle
Country
hide this ad
More By:
Exodiafinder687
Quiz
Plays
Rating
Category
Featured
Created
Horror Movie Motives
79,483
4.62
Movies
Oct 26, 2015
Disney Reveal
59,303
4.41
Movies
Dec 27, 2022
European Flag Frenzy
55,626
4.85
Geography
Dec 11, 2019
Pictured Anagram Pairs
54,889
4.40
Language
Jul 27, 2015
Pixar Reveal
52,593
4.55
Movies
Jan 26, 2023
Go to Creator's Profile
Score Distribution
Quiz Creator Spotlight
Exodiafinder687
Follow
Send a Message
Quizzes Created
-
Created Quiz Play Count
-
More By This Creator
Popular Quizzes Today
1
Find the US States - No Outlines Minefield
2
The Countries of the World
3
Find the Countries of Europe - No Outlines Minefield
4
Popular People in 1961
5
1-10 Letter E Words III
6
Find the US States
7
One Thing in Common: World Cities II
8
US States
More Entertainment Quizzes
Anime Series by Netflix Description
Curator's Pick
Trending Quizzes
Risky Map Clicking: Least Populous States A-Z
1-10 Letter F Words
1-10 Letter G Words
One Thing in Common: United Kingdom
Risky Map Clicking: Next State Alphabetically
Recently Updated
Leaping Animals
pecheneg
Reality TV Shows (A-Z)
bhenderson79
Rickey Henderson's Hall of Fame Teammates
pecheneg
Champions League XIs: Arsenal
pecheneg
Quick Pick: Celebrities in WWE's Hall of Fame
aduchscher
A-Z Keypad Blitz II
pecheneg
Multiple Oscar Actors
pecheneg
Mystery Phrase Blitz: Oscar 'Best Actors'
pecheneg
F. Scott Fitzgerald Novels
LTH
Pick 3 Villains
ddd62291
Trending Topics
NBA
Kpop
Anime
Crossword
Harry Potter
Marvel
Disney
Pokémon
NFL
Soccer
Song
WWE
The Office
Puzzle
Country
Your Account Isn't Verified!
In order to create a playlist on Sporcle, you need to verify the email address you used during registration. Go to your
Sporcle Settings
to finish the process.
Report this User
Report this user for behavior that violates our
Community Guidelines
.
Details:
Send Report
Go to the Sporcle.com Mobile Site →
Comments